000
00315nam a2200133Ia 4500
082
_a
615.321
_b
P2002S
100
_a
SANTOSKAR,R.S.
245
_a
PHARMACOLOGY AND PHARMACOTHERAPEUTICS
250
_a
17TH
260
_b
POPULAR PRAKASHAN
_a
MUMBAI
_c
2002
300
_a
1-1111
650
_a
PHARMACOLOGY
942
_2
ddc
_c
BK
999
_c
2670
_d
2670